[Event "ARG-ch U2000"]
[Site "Tacuari"]
[Date "2018.11.19"]
[Round "7"]
[White "Odasso, Gianluca"]
[Black "Carlino, Esteban Ezequiel"]
[Result "0-1"]
[WhiteElo "1800"]
[BlackElo "1910"]
[PlyCount "96"]
[EventDate "2018.11.16"]
[EventType "swiss"]
[EventRounds "8"]
[EventCountry "ARG"]
[SourceTitle "EXT 2020"]
[Source "ChessBase"]
[SourceDate "2019.10.17"]
[SourceVersion "1"]
[SourceVersionDate "2019.10.17"]
[SourceQuality "1"]

1. e4 c5 2. c3 d5 3. exd5 Qxd5 4. d4 Nf6 5. Nf3 e6 6. Na3 Be7 7. Nc2 cxd4 8. cxd4 Nc6 9. a3 0-0 10. Bd3 Rd8 11. 0-0 h6 12. Re1 Qd6 13. Qe2 b6 14. Bd2 Bb7 15. Rad1 a5 16. Bc3 Bf8 17. Ne3 Ne7 18. Ne5 Ned5 19. N3g4 Rac8 20. Bd2 Rc7 21. Bb1 Nxg4 22. Qxg4 Nf6 23. Qe2 Qd5 24. Nf3 Qh5 25. Qd3 Bxf3 26. gxf3 Bd6 27. f4 g6 28. Qg3 Nd5 29. Be4 Nf6 30. Bf3 Qf5 31. Kh1 Rdc8 32. Rg1 Rc2 33. Qh4 Kh7 34. Be3 Kg7 35. d5 Bc5 36. Bxc5 R2xc5 37. d6 Rd8 38. Qg3 Rc4 39. Be2 Rxf4 40. Bd3 Qd5+ 41. Rg2 Rg4 42. Qh3 Qxg2+ 43. Qxg2 Rxg2 44. Kxg2 Rxd6 45. Kf3 Nd7 46. Ke3 f6 47. b4 axb4 48. axb4 Ne5 0-1

[Event "ARG-ch U2000"]
[Site "Tacuari"]
[Date "2018.11.17"]
[Round "2"]
[White "Remolcoy, Luciano"]
[Black "Odasso, Gianluca"]
[Result "1-0"]
[WhiteElo "1923"]
[BlackElo "1800"]
[PlyCount "87"]
[EventDate "2018.11.16"]
[EventType "swiss"]
[EventRounds "8"]
[EventCountry "ARG"]
[SourceTitle "EXT 2020"]
[Source "ChessBase"]
[SourceDate "2019.10.17"]
[SourceVersion "1"]
[SourceVersionDate "2019.10.17"]
[SourceQuality "1"]

1. d4 Nf6 2. c4 c5 3. Nf3 e6 4. g3 d5 5. cxd5 Nxd5 6. Bg2 cxd4 7. 0-0 Nc6 8. Nxd4 Be7 9. Nxc6 bxc6 10. Qa4 Bb7 11. Rd1 Qb6 12. e4 Nf6 13. Nc3 0-0 14. Qc2 Rfd8 15. Be3 Qa5 16. h3 c5 17. Na4 Rdc8 18. b3 c4 19. bxc4 Bxe4 20. Bxe4 Nxe4 21. Qxe4 Qxa4 22. Qb7 Bf6 23. Rab1 Qc6 24. c5 Rc7 25. Qxc6 Rxc6 26. Rb7 a6 27. Rdd7 Rf8 28. Kf1 h6 29. Ke2 g5 30. Kd3 Kg7 31. Kc4 Kg6 32. a4 Rfc8 33. Rxf7 Be5 34. Rfd7 Bd6 35. Rg7+ Kf5 36. Rbf7+ Ke4 37. Bd4 Rxc5+ 38. Bxc5 Rxc5+ 39. Kb3 Be5 40. Rg6 Kd3 41. Rxe6 a5 42. Rf3+ Kd2 43. Re3 Bh8 44. Rd6+ 1-0

[Event "ARG-ch U2000"]
[Site "Tacuari"]
[Date "2018.11.16"]
[Round "1"]
[White "Odasso, Gianluca"]
[Black "Zaidman, Ivan"]
[Result "1-0"]
[WhiteElo "1800"]
[BlackElo "1952"]
[PlyCount "81"]
[EventDate "2018.11.16"]
[EventType "swiss"]
[EventRounds "8"]
[EventCountry "ARG"]
[SourceTitle "EXT 2020"]
[Source "ChessBase"]
[SourceDate "2019.10.17"]
[SourceVersion "1"]
[SourceVersionDate "2019.10.17"]
[SourceQuality "1"]

1. e4 c5 2. c3 d6 3. d4 Nf6 4. Bd3 cxd4 5. cxd4 g6 6. Nf3 Bg7 7. 0-0 0-0 8. Nc3 Nc6 9. h3 e5 10. d5 Ne7 11. Be3 Ne8 12. Rc1 f5 13. Nb5 f4 14. Bd2 h6 15. Qc2 Bd7 16. Bb4 Rf6 17. Qb3 Kh7 18. Qa3 Nc8 19. Rc2 g5 20. Rfc1 g4 21. hxg4 Bxg4 22. Be2 Rg6 23. Nc7 Rb8 24. Nxe8 Qxe8 25. Rc7 h5 26. Qd3 Qd8 27. Ba5 b6 28. Bb4 h4 29. Kf1 a5 30. Ba3 b5 31. b3 b4 32. Bb2 Nb6 33. Ra7 Nd7 34. Nh2 Nc5 35. Rxc5 Bxe2+ 36. Qxe2 dxc5 37. Qh5+ Rh6 38. Rxg7+ Kxg7 39. Bxe5+ Kg8 40. Qxh6 Qd7 41. Qg6+ 1-0

[Event "Malabrigo op 2nd"]
[Site "Malabrigo"]
[Date "2018.10.13"]
[Round "2.8"]
[White "Gimenez, Jose"]
[Black "Odasso, Gianluca"]
[Result "0-1"]
[WhiteElo "1301"]
[BlackElo "1736"]
[PlyCount "50"]
[EventDate "2018.10.13"]
[EventType "swiss"]
[EventRounds "6"]
[EventCountry "ARG"]
[SourceTitle "EXT 2024"]
[Source "ChessBase"]
[SourceDate "2023.10.10"]
[SourceVersion "1"]
[SourceVersionDate "2023.10.10"]
[SourceQuality "1"]

1. d4 Nf6 2. Bf4 c5 3. e3 e6 4. h3 d5 5. c3 Bd6 6. Bh2 Bxh2 7. Rxh2 0-0 8. Nf3 cxd4 9. Nxd4 e5 10. Nf3 Qd6 11. Nbd2 e4 12. Rh1 exf3 13. Qxf3 Nc6 14. Qf4 Qxf4 15. exf4 Re8+ 16. Be2 Bf5 17. g4 Bd3 18. 0-0-0 Rxe2 19. f3 Rae8 20. g5 Nd7 21. h4 Nc5 22. h5 d4 23. c4 Nb4 24. b3 Bc2 25. Ne4 Nbd3+ 0-1

[Event "Santa Fe Nelson op"]
[Site "Santa Fe"]
[Date "2018.04.14"]
[Round "2"]
[White "Moroni, Leonardo"]
[Black "Odasso, Gianluca"]
[Result "0-1"]
[WhiteElo "1476"]
[BlackElo "1704"]
[PlyCount "77"]
[EventDate "2018.04.14"]
[EventType "swiss"]
[EventRounds "6"]
[EventCountry "ARG"]
[SourceTitle "EXT 2019"]
[Source "ChessBase"]
[SourceDate "2018.10.10"]
[SourceVersion "1"]
[SourceVersionDate "2018.10.10"]
[SourceQuality "1"]

1. e4 e6 2. Nf3 d5 3. e5 c5 4. b4 d4 5. bxc5 Bxc5 6. Na3 Ne7 7. Bb2 0-0 8. Bd3 Nf5 9. Qe2 Bd7 10. Nb5 Bxb5 11. Bxb5 Nc6 12. Qc4 Qb6 13. a4 a6 14. Bxc6 Qxc6 15. Ba3 Qe4+ 16. Qe2 Qd5 17. Bxc5 Qxc5 18. Qd3 Rac8 19. Rc1 Qd5 20. g4 Nh4 21. Ke2 Nxf3 22. Qxf3 Qxe5+ 23. Kf1 b5 24. axb5 axb5 25. Kg2 Rfd8 26. Rhe1 Qd5 27. c3 dxc3 28. dxc3 Qc4 29. Re4 Qd3 30. Qxd3 Rxd3 31. Rb4 Rdxc3 32. Rxc3 Rxc3 33. Rxb5 g6 34. f3 Kg7 35. h4 h6 36. Kg3 Rc4 37. f4 g5 38. hxg5 Rd4 39. Ra5 0-1

[Event "Parana Coronel Memorial"]
[Site "Parana"]
[Date "2017.08.20"]
[Round "6"]
[White "Vivas, Lionel"]
[Black "Odasso, Gianluca"]
[Result "1-0"]
[WhiteElo "1483"]
[BlackElo "1690"]
[PlyCount "73"]
[EventDate "2017.08.18"]
[EventType "swiss"]
[EventRounds "6"]
[EventCountry "ARG"]
[SourceTitle "CBM 187 Extra"]
[Source "ChessBase"]
[SourceDate "2018.11.04"]
[SourceVersion "1"]
[SourceVersionDate "2018.11.04"]
[SourceQuality "1"]

1. e4 e6 2. d4 d5 3. exd5 exd5 4. Bd3 Nc6 5. c3 Bd6 6. Qf3 Be6 7. Ne2 Qd7 8. h3 h6 9. Nf4 Bxf4 10. Bxf4 g5 11. Bh2 Nge7 12. Nd2 0-0-0 13. 0-0-0 f5 14. Rde1 Kb8 15. Qe2 Bf7 16. Nf3 f4 17. g3 Qxh3 18. gxf4 Bh5 19. Bg3 Qg4 20. Ne5 Qxe2 21. Bxe2 Nxe5 22. Rxh5 Nf7 23. fxg5 Nxg5 24. Bg4 Ne4 25. Bh4 Rde8 26. f3 Ng6 27. fxe4 Nf4 28. e5 Nd3+ 29. Kc2 Nxe1+ 30. Bxe1 Rhg8 31. Bh3 Rg6 32. Bd2 c6 33. Rxh6 Rxh6 34. Bxh6 Rh8 35. e6 Kc7 36. e7 Kd6 37. Bf8 1-0